000 01419nam a22004097a 4500
003 CHAP
005 20220329133114.0
008 971013s1991 r 00010 d
010 _a2208
011 _a3180
035 _a2380
040 _cCHAP
090 _aTesis
100 0 0 _aCarrillo Palma, Angel Javier.
_919523
245 _aImpulso a la producción de yuca (Manihot esculenta Crantz) en el estado de Yucatán
260 _aChapingo, Méx. :
_bEl Autor,
_c1991
300 _a149 h.
_b: ilus.
500 _aD44-243
502 _aTesis (Ing. Agr. Esp. en Fitotecnia) -- UACH. Departamento de Fitotecnia
590 _aALEPH
_b10
_c20130110
_lUCH01
_h1212
590 _aBATCH-UPD
_b10
_c20130109
_lUCH01
_h2325
590 _aBATCH-UPD
_b10
_c20130110
_lUCH01
_h0031
590 _aBATCH-UPD
_b10
_c20130110
_lUCH01
_h1328
590 _aBATCH-UPD
_b10
_c20130409
_lUCH01
_h1849
590 _aBATCH-UPD
_b10
_c20130410
_lUCH01
_h0835
590 _aBATCH-UPD
_b10
_c20130914
_lUCH01
_h0852
590 _aCONVERSION
_b10
_c20130109
_lUCH01
_h1302
650 1 4 _aCultivos
_xZonas de
_xYucatán.
_930358
650 1 4 _aYuca como forraje.
_9123309
650 1 4 _aYuca
_xAspectos económicos.
_9123274
650 1 4 _aYuca
_xRendimiento.
_9123299
650 1 4 _aYuca
_xYucatán.
_9123307
901 _aBK
942 _cFOLL
949 _bBC
_cTES
_d-11880
_eTS1
_h24485
_i2380
_si
949 _bBC
_cTES
_d33724000775771
_eTS2
_fc.2
_h24453
_i2380
_si
999 _c2208
_d2208